| 000 | 01261nam a22003137a 4500 | ||
|---|---|---|---|
| 999 |
_c29544 _d29515 |
||
| 003 | EG-ScBUE | ||
| 005 | 20211004150702.0 | ||
| 008 | 210930s2000 ua a f b 000 0dara d | ||
| 017 | _a2000/11687 | ||
| 040 |
_aEG-ScBUE _bara _erda _cEG-ScBUE _dEG-ScBUE |
||
| 043 | _af-ua--- | ||
| 082 | 0 | 4 |
_a338.962 _bح ب ي _222 |
| 100 | 1 |
_aحبيش، علي علي، _d1936- _eمؤلف. |
|
| 245 | 1 | 0 |
_aمبارك : _bمصر والنهضة التكنولوجية / _cدكتور علي علي حبيش. |
| 264 | 1 |
_a[القاهرة] : _bمؤسسة الطوبجي للتجارة والطباعة والنشر، _c2000. |
|
| 300 |
_a446 صفحة : _bإيضاحيات ؛ _c24 سم. |
||
| 336 |
_2rdacontent _aنص _btxt |
||
| 337 |
_2rdamedia _aبدون وسيط _bn |
||
| 338 |
_2rdacarrier _aمجلد _bnc |
||
| 490 | 0 | _aألف باء | |
| 504 | _aيشتمل على إرجاعات ببليوجرافية. | ||
| 541 | _cDonation. | ||
| 600 | 1 | 7 |
_aمبارك، محمد حسني، _d1928-2020. _2BUEsh |
| 651 | 7 |
_aمصر _xتنمية صناعية. _2BUEsh |
|
| 651 | 7 |
_aمصر _xتاريخ _yالعصر الحديث _yحسني مبارك (1981-2011) _2BUEsh |
|
| 653 | 7 |
_aBUEsh _bGGEN _cSeptember2021 |
|
| 655 | 7 |
_2BUEsh _vReading book _934232 |
|
| 942 | _2ddc | ||